000 00380 a2200121 4500
001 ART_6992
005 20260410161659.0
008 260409a
245 1 0 _aEficiencia en la asignación sectorial del crédito en Argentina
100 1 _aBebczuk, Ricardo
700 1 _aSangiácomo, Máximo
773 0 _tEnsayos Económicos
_g- Nº 49 (oct./dic. 2007)
_wREV620
999 _c15031
_d15031